Estructura de la existencia cristiana / (Record no. 166323)

MARC details
000 -LEADER
campo de control de longitud fija 00661nam a2200193 i 4500
001 - NÚMERO DE CONTROL
campo de control 166323
003 - IDENTIFICADOR DE NÚMERO DE CONTROL
campo de control ES-MaACL
005 - FECHA Y HORA DE LA ÚLTIMA TRANSACCIÓN
campo de control 20250801034207.0
008 - DATOS DE LONGITUD FIJA--INFORMACIÓN GENERAL
campo de control de longitud fija 190924s1961 sp |||| | spa d
100 0# - ENTRADA PRINCIPAL--NOMBRE DE PERSONA
Nombre de persona Reding, Marcel.
9 (RLIN) 95798
245 10 - MENCIÓN DEL TÍTULO
Título Estructura de la existencia cristiana /
Mención de responsabilidad, etc. Marcel Reding ; [traducción de Jesús Álvarez Arroyo].
260 ## - PUBLICACIÓN, DISTRIBUCIÓN, ETC.
Lugar de publicación, distribución, etc. Madrid :
Nombre del editor, distribuidor, etc. Rialp,
Fecha de publicación, distribución, etc. 1961.
300 ## - DESCRIPCIÓN FÍSICA
Extensión 427 p. ;
Dimensiones 22 cm.
490 1# - MENCIÓN DE SERIE
Mención de serie Enciclopedia de la Ética y Moral Cristianas ;
Designación de volumen o secuencia 1
650 07 - PUNTO DE ACCESO ADICIONAL DE MATERIA--TÉRMINO DE MATERIA
Término de materia o nombre geográfico como elemento de entrada Cristianismo
Fuente del encabezamiento o término embne
9 (RLIN) 11425
830 0# - PUNTO DE ACCESO ADICIONAL DE SERIE-TÍTULO UNIFORME
Título uniforme Enciclopedia de la Ética y Moral Cristianas ;
Designación de volumen o secuencia 1
9 (RLIN) 187151
852 ## - LOCALIZACIÓN
Ubicación ES-MaACL
Número de control de estantería P-814-Bis
Holdings
Estatus retirado Estado de pérdida Estado de daño No para préstamo Biblioteca de origen Biblioteca actual Ubicación en estantería Fecha de adquisición Fuente de adquisición Total de préstamos Signatura topográfica completa Código de barras Visto por última vez Precio de reemplazo Tipo de ítem Koha
        Biblioteca del Ateneo de Madrid Biblioteca del Ateneo de Madrid Depósito 2 24/09/2019     P-814-Bis 1201126 23/02/2023 23/02/2023 Libro impreso